000 00655nam a22002417a 4500
003 UA-OsUOA
001 87702
007 ta
008 20120921b un ||||| |||| 00| 0 ukr d
100 _aБілецький М.
090 _a821.161.2
_bБ67
942 _cBK
040 _aUA-OsUOA
_bukr
_cUA-OsUOA
_dUA-OsUOA
245 _aЗа колючим дротом
_bповісті, оповідання
300 _a332 с.
955 _a3
041 _aukr
080 _a821.161.2
020 _a5-308-00598-2
260 _aК.
_bДніпро
_c1990
650 7 _a82 Література. Літературознавство
_2UDC
999 _c374016
_d374016